| 000 | 01856cam a2200457 a 4500 | ||
|---|---|---|---|
| 999 |
_c6906 _d6906 |
||
| 001 | 14786301 | ||
| 003 | GZU | ||
| 005 | 20210503145311.0 | ||
| 008 | 070327s2006 enkab b 001 0 eng d | ||
| 010 | _a 2007295917 | ||
| 015 |
_aGBA657607 _2bnb |
||
| 016 | 7 |
_a013499962 _2Uk |
|
| 020 | _a0852559658 (James Curry cloth) | ||
| 020 | _a9780852559659 (James Curry cloth) | ||
| 020 | _a0852559666 (James Curry paper) | ||
| 020 | _a9780852559666 (James Curry paper) | ||
| 020 | _a0821417371 (Ohio cloth) | ||
| 020 | _a9780821417379 (Ohio cloth) | ||
| 020 | _a082141738X (Ohio paper) | ||
| 020 | _a9780821417386 (Ohio paper) | ||
| 020 | _a1779220529 (Weaver paper) | ||
| 020 | _a9781779220523 (Weaver paper) | ||
| 035 | _a(OCoLC)ocm70230242 | ||
| 035 | _a(OCoLC)70230242 | ||
| 040 |
_aUKM _cUKM _dBWKUK _dYDXCP _dBAKER _dDLC |
||
| 042 | _alccopycat | ||
| 043 | _af------ | ||
| 050 | 0 | 0 |
_aBX8765.5.A45 _bMAX 2006 |
| 100 | 1 |
_aMaxwell, David, _d1963- _eauthor |
|
| 245 | 1 | 0 |
_aAfrican gifts of the spirit : _bPentecostalism & the rise of a Zimbabwean transnational religious movement / _cDavid Maxwell. |
| 260 |
_aOxford : _bJames Currey ; _aHarare, Zimbabwe : _bWeaver Press ; _aAthens, Ohio : _aOhio University Press, _c2006. |
||
| 300 |
_axv, 250 p. : _bill. maps ; _c24 cm. |
||
| 504 | _aIncludes bibliographical references (p. 227-243) and index. | ||
| 610 | 2 | 0 |
_aAssemblies of God _zAfrica. |
| 650 | 0 |
_aPentecostal churches _zZimbabwe _xHistory. |
|
| 856 | 4 | 2 |
_3Contributor biographical information _uhttp://www.loc.gov/catdir/enhancements/fy0710/2007295917-b.html |
| 856 | 4 | 2 |
_3Publisher description _uhttp://www.loc.gov/catdir/enhancements/fy0710/2007295917-d.html |
| 906 |
_a7 _bcbc _ccopycat _d2 _encip _f20 _gy-gencatlg |
||
| 942 |
_2lcc _cBK _h8765.5.A45 _iMAX _kBX |
||